000 00664nam a2200181 i 4500
001 32311
003 ES-MaACL
005 20230910063043.0
007 t|
008 030130s1914 sp ||||1| spa d
100 1 _aBernis, Francisco,
_d1877-1933
_928345
245 1 0 _aEstudios estadísticos
_b: contribución a la investigación de la situación económica de los trabajadores en España /
_cFranciso Bernis.
260 _aBarcelona :
_b[s.n.],
_c1914 (
_fTip. "La Academia" de Serra hnos. y Russell)
300 _a39 p. ;
_c24 cm.
500 _aTrabajos publicados en la Revista Estvdio.
852 _aES-MaACL
_jT-1362-F-9
999 _c32311
_d32311